000 00339nam a2200157Ia 4500
001 19952
003 IN-NITTTR
005 20251114233229.0
008 251113s9999||||xx |||||||||||||| ||eng||
040 _beng
040 _cIN-NITTTR
041 _aeng
082 _a370.11306 T226A
245 0 _aAnnual Report 1985-86 /
942 _2ddc
_cBK
999 _c22586
_d22586